000 00514nam a22001455i 4500
001 171885
003 ES-MaACL
005 20230906214745.0
008 090605s1965 ger |||| | spa d
110 2 _aAlemania (República Federal).
_bBundesministerium für Gesamtdeutsche Fragen .
_9140512
245 1 0 _aBerlin, 13 de agosto
_b: medidas de bloqueo contra el derecho y la humanidad.
260 _aBonn :
_bEl Ministerio,
_c1965.
300 _a27 p. :
_bil. ;
_c22 cm.
852 _aES-MaACL
_j2052-F-2
_9R.57349
999 _c171885
_d171885